Catálogo Biblioteca Central

Chronique annuelle de la jurisprudence relative aux aides d'État (Registro nro. 211679)

Detalles MARC
000 -CABECERA
campo de control de longitud fija 00661naa a2200181 4500
001 - NÚMERO DE CONTROL
campo de control 211679
003 - IDENTIFICADOR DEL NÚMERO DE CONTROL
campo de control ES-MaBCM
005 - FECHA Y HORA DE LA ÚLTIMA TRANSACCIÓN
campo de control 20230222123642.0
008 - CÓDIGOS DE INFORMACIÓN DE LONGITUD FIJA
campo de control de longitud fija 190715t2019 fr ||||| |||| 00| 0 fre d
035 ## - NÚMERO DE CONTROL DEL SISTEMA
Número de control de sistema (OCoLC)1365124131
040 ## - FUENTE DE LA CATALOGACIÓN
Centro transcriptor ES-MaBCM
100 1# - PUNTO DE ACCESO PRINCIPAL - NOMBRE DE PERSONA
9 (RLIN) 123309
Nombre de persona Ayache, Laurent
245 10 - MENCIÓN DE TÍTULO
Título Chronique annuelle de la jurisprudence relative aux aides d'État
Resto del título : (janvier 2018 - décembre 2018)
Mención de responsabilidad etc. Laurent Ayache, Charlotte Michellet
504 ## - NOTA DE BIBLIOGRAFÍA, ETC.
Nota de bibliografía etc. Incluye referencias bibliográficas
700 1# - PUNTO DE ACCESO ADICIONAL--NOMBRE DE PERSONA
9 (RLIN) 123310
Nombre de persona Michellet, Charlotte
773 ## - ENLACE AL DOCUMENTO FUENTE
Lugar editor y fecha de publicación Paris
Parte(s) relacionada(s) n. 628 (mai 2019), p. 316-329 - Loc. S.304
Título Revue de l'Union Européenne
Número de control del registro relacionado 182585
942 ## - ELEMENTOS DE PUNTO DE ACCESO ADICIONAL (KOHA)
Fuente del sistema de clasificación o colocación Universal Decimal Classification
Tipo de ítem Koha Artículos de revistas
Existencias
Estado de retiro Estado de pérdida Fuente del sistema de clasificación o colocación Estado dañado No para préstamo Localización permanente Ubicación/localización actual Ubicación en estantería Fecha de adquisición Fuente de adquisición Fecha visto por última vez Precio válido a partir de Tipo de ítem Koha
    Universal Decimal Classification     Biblioteca Central del Ministerio de la Presidencia Biblioteca Central del Ministerio de la Presidencia Sala 15/07/2019 Compra 15/07/2019 15/07/2019 Artículos de revistas